| 000 | 00364nam a2200145Ia 4500 | ||
|---|---|---|---|
| 008 | 250124s9999||||xx |||||||||||||| ||und|| | ||
| 020 | _a9789385462030 | ||
| 082 |
_a344.046 _bMIS/E |
||
| 100 | _aMisra,S.P | ||
| 245 | 0 | _aEssential Environmental Studies | |
| 250 | _a4th Edition | ||
| 260 |
_aNew Delhi _bAne Books Pvt. Ltd _c2024 |
||
| 300 | _a790p. | ||
| 942 | _cBK | ||
| 999 |
_c47820 _d47820 |
||